[Event "PohÃ¡r mÄ›sta Å˜Ã­Ä�any 2020"]
[Site "MÄ›stskÃ© kulturnÃ­ stÅ™edisko U labutÄ›"]
[Date "2020.08.26"]
[Round "6.26"]
[White "Kuhnmund, Ivan"]
[Black "Kalvach, Ladislav"]
[Result "0-1"]
[WhiteElo "1682"]
[BlackElo "1761"]
[PlyCount "0"]
[EventDate "2020.08.22"]

1. e4 c5 2. g3 g6 3. Bg2 e5 4. Nc3 Ne7 5. Nge2 Bg7 6. O-O Nbc6 7. d3 Nd4 8. Nd5
Nxd5 9. exd5 d6 10. Nxd4 cxd4 11. c3 dxc3 12. bxc3 O-O 13. Rb1 b6 14. Be3 Bd7
15. Qd2 Rc8 16. c4 Bf5 17. h3 h5 18. f3 Bd7 19. g4 f5 20. Bg5 Bf6 21. Bxf6 Qxf6
22. gxf5 gxf5 23. f4 0-1

[Event "PohÃ¡r mÄ›sta Å˜Ã­Ä�any 2020"]
[Site "MÄ›stskÃ© kulturnÃ­ stÅ™edisko U labutÄ›"]
[Date "2020.08.26"]
[Round "6.27"]
[White "Chmelik, Ladislav"]
[Black "Hozda, Max"]
[Result "1/2-1/2"]
[WhiteElo "1774"]
[BlackElo "1630"]
[PlyCount "0"]
[EventDate "2020.08.22"]

1. d4 d5 2. g3 Nf6 3. Bg2 c6 4. Nf3 g6 5. O-O Bg7 6. Nbd2 O-O 7. Re1 Nbd7 8. e4
dxe4 9. Nxe4 Nxe4 10. Rxe4 Nf6 11. Re1 e6 12. Bg5 Qb6 13. b3 c5 14. Rc1 cxd4
15. Qxd4 Qxd4 16. Nxd4 h6 17. Bxf6 Bxf6 18. Rcd1 a6 19. Re3 Rd8 20. Red3 Rxd4
21. Rxd4 Bxd4 22. Rxd4 Kf8 23. Rb4 Ra7 24. a4 a5 25. Rc4 Ra8 26. Rc7 Rb8 27. f4
Kg7 28. Kf2 Kf6 29. Ke3 b6 30. c4 Ba6 31. Ra7 Bc8 32. Bc6 g5 33. Ke4 g4 34. Ke3
Kg6 35. Rc7 Ba6 36. Rd7 Kf6 37. Be4 h5 38. Bg2 Kg6 39. Rd6 Kf6 {chybí tah}
1/2-1/2

[Event "PohÃ¡r mÄ›sta Å˜Ã­Ä�any 2020"]
[Site "MÄ›stskÃ© kulturnÃ­ stÅ™edisko U labutÄ›"]
[Date "2020.08.26"]
[Round "6.28"]
[White "Rucabado, Stefan"]
[Black "Feierfeil, Jiri"]
[Result "1-0"]
[WhiteElo "1570"]
[BlackElo "1719"]
[PlyCount "0"]
[EventDate "2020.08.22"]

1. c4 Nf6 2. Nc3 c5 3. Nf3 Nc6 4. g3 e6 5. Bg2 Be7 6. O-O O-O 7. d4 cxd4
8. Nxd4 a6 9. b3 Qc7 10. Bb2 Rd8 11. Nc2 b6 12. e4 Bb7 13. Qe2 d6 14. h3 e5
15. Kh2 Rab8 16. Rac1 Bf8 17. Nd5 Nxd5 18. cxd5 Ne7 19. Ne3 Qd7 20. f4 exf4
21. gxf4 g6 22. f5 gxf5 23. Nxf5 Ng6 24. Bf6 Re8 25. Qg4 Bc8 26. h4 Qb5 27. h5
Bxf5 28. exf5 Qd3 29. hxg6 fxg6 30. fxg6 hxg6 31. Rf3 Qe4 32. Rf4 Qe3 33. Rf3
Qxc1 34. Rf1 1-0

[Event "PohÃ¡r mÄ›sta Å˜Ã­Ä�any 2020"]
[Site "MÄ›stskÃ© kulturnÃ­ stÅ™edisko U labutÄ›"]
[Date "2020.08.26"]
[Round "6.29"]
[White "Konvalinka, Vladislav"]
[Black "Rousek, Jan"]
[Result "1-0"]
[WhiteElo "1731"]
[BlackElo "1665"]
[PlyCount "0"]
[EventDate "2020.08.22"]

1. d4 d5 2. c4 e5 3. dxe5 d4 4. Nf3 Nc6 5. a3 Bg4 6. Nbd2 Qe7 7. h3 Bh5 8. g4
Bg6 9. Nb3 O-O-O 10. Bf4 Be4 11. Nbd2 Bxf3 12. Nxf3 h5 13. g5 g6 14. Qa4 Bg7
15. h4 Kb8 16. O-O-O Bxe5 17. Nxe5 Nxe5 18. Bg2 Qc5 19. Bxe5 Qxe5 20. e3 Ne7
21. Qb3 c6 1-0